000 00637nam a2200205Ia 4500
003 GCL
008 140319s9999 xx 000 0 ara d
040 _aGCL /
_cGCL
082 0 4 _a216
_bع ع
100 1 _aعبدالناصر توفيق العطار
245 1 0 _aعلوم السنة ودستور للامة /
_cعبدالناصر توفيق العطار
260 _a[S.N] :
_bمكتبه الاداب ،
_c1987
300 _a240 ص
490 _a
650 0 4 _aالاسلام
650 0 4 _aالحديث
650 0 4 _aدفع المطاعن عن الاسلام
650 0 4 _aالشريعة الاسلامية
942 _2ddc
_cBK
999 _c32002
_d32002